[Event "Wch U18 Girls"]
[Site "Montevideo"]
[Date "2017.09.20"]
[Round "5"]
[White "Blazeka, Mihaela"]
[Black "Jalaghonia, Nino"]
[Result "1/2-1/2"]
[WhiteElo "2096"]
[BlackElo "2027"]
[PlyCount "69"]
[EventDate "2017.09.17"]
[EventType "swiss"]
[EventRounds "11"]
[EventCountry "URU"]
[SourceTitle "CBM 180 Extra"]
[Source "ChessBase"]
[SourceDate "2017.10.06"]
[SourceVersion "1"]
[SourceVersionDate "2017.10.06"]
[SourceQuality "1"]

1. d4 Nf6 2. c4 e6 3. Nf3 b6 4. g3 Bb4+ 5. Bd2 a5 6. a3 Bxd2+ 7. Nbxd2 Bb7 8. Bg2 0-0 9. 0-0 d6 10. Qc2 Nbd7 11. Rad1 c5 12. e3 Qc7 13. Nb1 cxd4 14. Rxd4 d5 15. Nc3 e5 16. Rh4 dxc4 17. Nb5 Qc6 18. Qxc4 g5 19. Qxc6 Bxc6 20. Nxg5 Bxb5 21. Bxa8 Rxa8 22. Rc1 Nc5 23. h3 Kg7 24. b4 axb4 25. axb4 Ne6 26. Nxe6+ fxe6 27. Rc7+ Kg6 28. Rc1 Ra4 29. f4 exf4 30. gxf4 h6 31. Rc8 Ra1+ 32. Kh2 Ra2+ 33. Kg1 Ra1+ 34. Kh2 Ra2+ 35. Kg1 1/2-1/2

[Event "Wch U18 Girls"]
[Site "Montevideo"]
[Date "2017.09.18"]
[Round "2"]
[White "Jalaghonia, Nino"]
[Black "Obolentseva, Alexandra"]
[Result "1/2-1/2"]
[WhiteElo "2027"]
[BlackElo "2364"]
[PlyCount "67"]
[EventDate "2017.09.17"]
[EventType "swiss"]
[EventRounds "11"]
[EventCountry "URU"]
[SourceTitle "CBM 180 Extra"]
[Source "ChessBase"]
[SourceDate "2017.10.06"]
[SourceVersion "1"]
[SourceVersionDate "2017.10.06"]
[SourceQuality "1"]

1. e4 c5 2. Nf3 d6 3. d4 cxd4 4. Nxd4 Nf6 5. Nc3 a6 6. h3 e5 7. Nde2 h5 8. g3 b5 9. Bg2 Bb7 10. 0-0 Nbd7 11. a4 bxa4 12. Bg5 Nc5 13. Bxf6 Qxf6 14. Nxa4 Nxa4 15. Rxa4 Bc6 16. Ra5 Qd8 17. Qd2 Qb6 18. b3 Be7 19. Rfa1 0-0 20. Nc3 Bd8 21. Bf1 Qxa5 22. Rxa5 Bxa5 23. Qxd6 Bxc3 24. Qxc6 Rfc8 25. Qa4 Bd4 26. Bc4 a5 27. Qd7 Rxc4 28. bxc4 a4 29. Qb7 Ra5 30. Qc8+ Kh7 31. Qf5+ Kg8 32. Qc8+ Kh7 33. Qf5+ Kg8 34. Qc8+ 1/2-1/2

[Event "EU-ch rapid (Women)"]
[Site "Kutaisi"]
[Date "2015.06.02"]
[Round "6"]
[White "Ibrahimova, Sabina Oqtay"]
[Black "Jalaghonia, Nino"]
[Result "1-0"]
[WhiteElo "2272"]
[BlackElo "1865"]
[PlyCount "69"]
[EventDate "2015.06.01"]
[EventType "swiss (rapid)"]
[EventRounds "11"]
[EventCountry "GEO"]
[SourceTitle "CBM 166 Extra"]
[Source "ChessBase"]
[SourceDate "2015.06.18"]
[SourceVersion "1"]
[SourceVersionDate "2015.06.18"]
[SourceQuality "1"]

1. d4 Nf6 2. c4 e6 3. Nf3 b6 4. g3 Bb4+ 5. Nbd2 Bb7 6. Bg2 0-0 7. 0-0 d5 8. Ne5 Nbd7 9. Ndf3 Bd6 10. Bg5 h6 11. Nxd7 Qxd7 12. Bxf6 gxf6 13. Qc2 Qe7 14. Nh4 c6 15. e4 dxc4 16. Qxc4 a5 17. Rfe1 Bb4 18. Red1 Rfd8 19. a3 Bd6 20. Re1 Bc7 21. d5 Be5 22. dxe6 Qxe6 23. Qc1 Qe8 24. Nf5 Qf8 25. Nxh6+ Kh7 26. Nf5 Rd3 27. Bf1 Rd7 28. Qc2 Qg8 29. Rad1 Rad8 30. Bg2 Qg4 31. Rxd7 Rxd7 32. h3 Qg8 33. f4 Bb8 34. e5 Kg6 35. Ne7+ 1-0

[Event "EU-ch rapid (Women)"]
[Site "Kutaisi"]
[Date "2015.06.01"]
[Round "4"]
[White "Jalaghonia, Nino"]
[Black "Tereladze, Sopiko"]
[Result "1/2-1/2"]
[WhiteElo "1865"]
[BlackElo "2128"]
[PlyCount "155"]
[EventDate "2015.06.01"]
[EventType "swiss (rapid)"]
[EventRounds "11"]
[EventCountry "GEO"]
[SourceTitle "CBM 166 Extra"]
[Source "ChessBase"]
[SourceDate "2015.06.18"]
[SourceVersion "1"]
[SourceVersionDate "2015.06.18"]
[SourceQuality "1"]

1. c4 f5 2. Nc3 Nf6 3. g3 e6 4. Bg2 Be7 5. d4 0-0 6. Nf3 Qe8 7. 0-0 d6 8. Qc2 Nbd7 9. b4 Rb8 10. Nb5 Nb6 11. Nxc7 Qc6 12. Nb5 Qxc4 13. Qxc4 Nxc4 14. a4 a6 15. Nc3 Bd7 16. b5 Rbc8 17. bxa6 bxa6 18. Nd1 Ne4 19. a5 Bd8 20. Ne3 Nxa5 21. Ba3 Bb5 22. Rfe1 Bb6 23. Bb4 Nc6 24. Nc2 Rfd8 25. e3 Ne7 26. Na3 Nd5 27. Bd2 Bd3 28. Red1 Be2 29. h4 Bxd1 30. Rxd1 Ndc3 31. Ra1 a5 32. Bf1 Nxd2 33. Nxd2 d5 34. Nf3 h6 35. Ne5 Ne4 36. Bb5 Rc7 37. Ba4 Nc3 38. Nb5 Nxb5 39. Bxb5 Kf8 40. Rb1 Rd6 41. Ba4 Ke7 42. Ng6+ Kd8 43. Ne5 Kc8 44. f3 Kb7 45. g4 fxg4 46. fxg4 Ka7 47. g5 Rb7 48. g6 Bd8 49. Rxb7+ Kxb7 50. Nf7 Kc7 51. Nxd6 Kxd6 52. h5 Ke7 53. Kf2 Kf6 54. Kg3 Be7 55. Kg4 Bb4 56. Bd1 Bd2 57. Kf4 Bc1 58. Ba4 Bd2 59. Bc2 Be1 60. Ba4 Bh4 61. Bc2 Bg5+ 62. Kf3 e5 63. dxe5+ Kxe5 64. Ke2 d4 65. exd4+ Kxd4 66. Ba4 Kc3 67. Kd1 Kb2 68. Bd7 Be7 69. Bc6 Bb4 70. Bd7 Ba3 71. Bc6 Kb3 72. Bd5+ Kc3 73. Bc6 Bd6 74. Kc1 Kb3 75. Kb1 a4 76. Bd5+ Ka3 77. Be6 Be5 78. Bf7 1/2-1/2

[Event "EU-ch (Women) 16th"]
[Site "Chakvi"]
[Date "2015.05.28"]
[Round "9"]
[White "Chanturia, Tamar"]
[Black "Jalaghonia, Nino"]
[Result "0-1"]
[WhiteElo "1688"]
[BlackElo "1865"]
[PlyCount "70"]
[EventDate "2015.05.19"]
[EventType "swiss"]
[EventRounds "11"]
[EventCountry "GEO"]
[SourceTitle "CBM 166 Extra"]
[Source "ChessBase"]
[SourceDate "2015.06.18"]
[SourceVersion "1"]
[SourceVersionDate "2015.06.18"]
[SourceQuality "1"]

1. Nf3 c5 2. b3 Nf6 3. Bb2 g6 4. e4 d6 5. e5 dxe5 6. Nxe5 Bg7 7. Bb5+ Bd7 8. Qe2 0-0 9. 0-0 Qc7 10. Na3 Nc6 11. Nxd7 Qxd7 12. Rfe1 a6 13. Bxc6 Qxc6 14. Nc4 b5 15. Ne5 Qb7 16. Nd3 c4 17. Nc5 Qc6 18. b4 e6 19. a4 Qd5 20. Ra3 a5 21. Rf3 axb4 22. Bxf6 Bxf6 23. Ne4 Bg7 24. axb5 f5 25. Ng5 e5 26. d3 c3 27. Rh3 h6 28. Nf3 g5 29. Nxg5 hxg5 30. Qh5 Rf6 31. Qxg5 Qxb5 32. Rg3 Rf7 33. h4 Qb6 34. h5 Qh6 35. Qh4 Qd2 0-1

[Event "EU-ch (Women) 16th"]
[Site "Chakvi"]
[Date "2015.05.24"]
[Round "6"]
[White "Gavasheli, Ana"]
[Black "Jalaghonia, Nino"]
[Result "1-0"]
[WhiteElo "2122"]
[BlackElo "1865"]
[PlyCount "81"]
[EventDate "2015.05.19"]
[EventType "swiss"]
[EventRounds "11"]
[EventCountry "GEO"]
[SourceTitle "CBM 166 Extra"]
[Source "ChessBase"]
[SourceDate "2015.06.18"]
[SourceVersion "1"]
[SourceVersionDate "2015.06.18"]
[SourceQuality "1"]

1. b3 c5 2. Bb2 Nf6 3. e3 g6 4. d4 cxd4 5. exd4 d5 6. Nf3 Bg7 7. Be2 0-0 8. Ne5 Qc7 9. Nd2 Nc6 10. f4 Bf5 11. c3 a6 12. 0-0 h5 13. Bf3 Rfd8 14. Qe2 Bh6 15. g3 Bh3 16. Rfe1 e6 17. Rac1 Nxe5 18. Qxe5 Qxe5 19. dxe5 Ng4 20. Bg2 Bxg2 21. Kxg2 Bf8 22. h3 Nh6 23. Kf3 a5 24. a4 Bc5 25. g4 Kh7 26. Nf1 Rd7 27. Nd2 Ng8 28. Red1 Ra6 29. Ba1 Ne7 30. Rb1 Nc6 31. Kg3 Rb6 32. Nf3 Ra6 33. c4 Ra8 34. cxd5 Rxd5 35. Ng5+ Kg7 36. Rxd5 exd5 37. e6+ f6 38. Rc1 h4+ 39. Kxh4 Be7 40. Rd1 Rd8 41. Nf7 1-0

[Event "Wch U14 Girls"]
[Site "Al Ain"]
[Date "2013.12.24"]
[Round "8"]
[White "Jalaghonia, Nino"]
[Black "Polterauer, Chiara"]
[Result "0-1"]
[WhiteElo "1672"]
[BlackElo "1882"]
[PlyCount "85"]
[EventDate "2013.12.18"]
[EventType "swiss"]
[EventRounds "11"]
[EventCountry "UAE"]
[SourceTitle "CBM 158 Extra"]
[Source "ChessBase"]
[SourceDate "2014.02.28"]
[SourceVersion "1"]
[SourceVersionDate "2014.02.28"]
[SourceQuality "1"]

1. c4 c5 2. Nc3 Nf6 3. g3 d5 4. cxd5 Nxd5 5. Bg2 Nc7 6. Nf3 Nc6 7. Qa4 Bd7 8. Qc4 e5 9. 0-0 Be7 10. d3 0-0 11. Be3 Be6 12. Qa4 f6 13. Rfc1 a6 14. Ne4 Nd4 15. Bxd4 cxd4 16. Nc5 Bd5 17. b4 Nb5 18. Qc2 b6 19. Na4 Bxb4 20. e4 Bf7 21. Ne1 Nc3 22. Nxc3 Bxc3 23. Rab1 b5 24. f4 Rc8 25. Qe2 Qa5 26. Rc2 Bxe1 27. Rxc8 Rxc8 28. Rxe1 Qxa2 29. Qxa2 Bxa2 30. fxe5 fxe5 31. Ra1 Rc2 32. Bh3 Kf8 33. Rf1+ Ke7 34. Rf5 Kd6 35. Rf8 Be6 36. Bf5 b4 37. Rb8 Bxf5 38. exf5 a5 39. Rb7 Rc7 40. Rb5 Ra7 41. Kf2 Kc6 42. Rxe5 b3 43. Re1 0-1

[Event "EU-ch U14 Girls 23rd"]
[Site "Budva"]
[Date "2013.10.07"]
[Round "8"]
[White "Milovanova, Maria"]
[Black "Jalaghonia, Nino"]
[Result "1-0"]
[WhiteElo "1838"]
[BlackElo "1691"]
[PlyCount "85"]
[EventDate "2013.09.29"]
[EventType "swiss"]
[EventRounds "9"]
[EventCountry "MNE"]
[SourceTitle "EXT 2014"]
[Source "ChessBase"]
[SourceDate "2013.11.20"]
[SourceVersion "1"]
[SourceVersionDate "2013.11.20"]
[SourceQuality "1"]

1. d4 Nf6 2. c4 e6 3. Nf3 Bb4+ 4. Bd2 Qe7 5. g3 0-0 6. Bg2 Bxd2+ 7. Nbxd2 d6 8. 0-0 e5 9. d5 e4 10. Ng5 e3 11. Nde4 Ng4 12. fxe3 Nxe3 13. Qd3 Nf5 14. g4 f6 15. Nxh7 Kxh7 16. gxf5 Rh8 17. Qg3 Nd7 18. Rac1 Ne5 19. c5 dxc5 20. Nxc5 c6 21. dxc6 bxc6 22. Nd3 Bd7 23. Nxe5 Qxe5 24. Qxe5 fxe5 25. Bxc6 Bxc6 26. Rxc6 Rab8 27. b3 Rhd8 28. Rc7 Kh6 29. Rxa7 Rb4 30. Rf2 Rd1+ 31. Kg2 Rg4+ 32. Kf3 Rf4+ 33. Ke3 Rb4 34. Rf3 Rh4 35. h3 Rg1 36. Kf2 Ra1 37. a4 Rh1 38. Rg3 R1xh3 39. Rgxg7 Rh2+ 40. Ke1 Kh5 41. Rg6 Rh1+ 42. Kd2 Rd4+ 43. Kc2 1-0

[Event "EU-ch U14 Girls 23rd"]
[Site "Budva"]
[Date "2013.10.05"]
[Round "6"]
[White "Jalaghonia, Nino"]
[Black "Broly, Mathilde"]
[Result "0-1"]
[WhiteElo "1691"]
[BlackElo "1775"]
[PlyCount "160"]
[EventDate "2013.09.29"]
[EventType "swiss"]
[EventRounds "9"]
[EventCountry "MNE"]
[SourceTitle "EXT 2014"]
[Source "ChessBase"]
[SourceDate "2013.11.20"]
[SourceVersion "1"]
[SourceVersionDate "2013.11.20"]
[SourceQuality "1"]

1. c4 e5 2. Nc3 Nc6 3. g3 g6 4. Bg2 Bg7 5. Rb1 Rb8 6. b4 a6 7. d3 d6 8. Nf3 h6 9. a4 Nce7 10. Ba3 f5 11. 0-0 e4 12. dxe4 Bxc3 13. Qc2 Bg7 14. Bb2 Nf6 15. e5 Nh5 16. exd6 cxd6 17. c5 Bxb2 18. Qxb2 0-0 19. Rfd1 d5 20. b5 axb5 21. axb5 Be6 22. Qe5 Bf7 23. Nd4 Qd7 24. c6 bxc6 25. bxc6 Nxc6 26. Nxc6 Rxb1 27. Ne7+ Kh7 28. Rxb1 Re8 29. Nxg6 Bxg6 30. Qxd5 Qxd5 31. Bxd5 Rxe2 32. Rb7+ Ng7 33. Kg2 Rd2 34. Bf3 Rd3 35. Be2 Rd2 36. Bf3 Rc2 37. h3 Rc4 38. Bd5 Rd4 39. Bf3 Be8 40. Re7 Kg6 41. g4 Kf6 42. Rb7 fxg4 43. hxg4 Ne6 44. Rb6 Bd7 45. Be2 Kg5 46. Kg3 Nf4 47. Bf3 Rd3 48. Rb4 Ne2+ 49. Kg2 Nd4 50. Be4 Rd2 51. Bf3 Bxg4 52. Bxg4 Kxg4 53. Rb8 Nf5 54. Rg8+ Kf4 55. Rh8 Rd6 56. Rg8 h5 57. Ra8 Rg6+ 58. Kf1 Rd6 59. Ra3 h4 60. Kg2 Rd2 61. Rb3 Ke4 62. Rb4+ Rd4 63. Rb7 Kf4 64. Rb3 Nd6 65. Rh3 Kg4 66. Rb3 Rf4 67. Rd3 Nf5 68. Rd8 h3+ 69. Kg1 Nd4 70. Rg8+ Kh4 71. Rh8+ Kg4 72. Rg8+ Kf3 73. Rg3+ Ke2 74. Re3+ Kd2 75. Rxh3 Nf3+ 76. Kf1 Kd1 77. Rh5 Rg4 78. Rd5+ Nd2+ 79. Rxd2+ Kxd2 80. f3 Rf4 0-1

[Event "EU-ch U14 Girls 23rd"]
[Site "Budva"]
[Date "2013.10.01"]
[Round "3"]
[White "Scarpa, Silvia"]
[Black "Jalaghonia, Nino"]
[Result "1/2-1/2"]
[WhiteElo "1802"]
[BlackElo "1691"]
[PlyCount "71"]
[EventDate "2013.09.29"]
[EventType "swiss"]
[EventRounds "9"]
[EventCountry "MNE"]
[SourceTitle "EXT 2014"]
[Source "ChessBase"]
[SourceDate "2013.11.20"]
[SourceVersion "1"]
[SourceVersionDate "2013.11.20"]
[SourceQuality "1"]

1. e4 c5 2. Nc3 Nc6 3. d3 g6 4. g3 Bg7 5. Bg2 d6 6. Be3 e5 7. Nge2 Nge7 8. Qd2 Nd4 9. 0-0 0-0 10. Nd1 Qc7 11. c3 Nxe2+ 12. Qxe2 h6 13. f4 f5 14. fxe5 dxe5 15. Qd2 Kh7 16. Bf2 f4 17. gxf4 exf4 18. d4 f3 19. Bg3 Qb6 20. Rxf3 Rxf3 21. Bxf3 cxd4 22. Bf2 Qf6 23. Bg2 dxc3 24. Nxc3 Bg4 25. Rf1 Qe5 26. Re1 Nc6 27. Rb1 Rf8 28. Rf1 Qh5 29. Bg3 Rxf1+ 30. Kxf1 Bd1 31. Qe3 a6 32. Qf2 Qg5 33. Bf4 Qh5 34. Bg3 Qg5 35. Bf4 Qh5 36. Bg3 1/2-1/2

[Event "EU-ch U12 Girls"]
[Site "Albena"]
[Date "2011.09.17"]
[Round "6"]
[White "Jalaghonia, Nino"]
[Black "Keetman, Maaike"]
[Result "1-0"]
[WhiteElo "1612"]
[BlackElo "1766"]
[PlyCount "83"]
[EventDate "2011.09.11"]
[EventType "swiss"]
[EventRounds "9"]
[EventCountry "BUL"]
[SourceTitle "CBM 144 Extra"]
[Source "ChessBase"]
[SourceDate "2011.10.28"]
[SourceVersion "1"]
[SourceVersionDate "2011.10.28"]
[SourceQuality "1"]

1. e4 d5 2. exd5 Nf6 3. Bb5+ Bd7 4. Bc4 Bg4 5. f3 Bf5 6. g4 Bc8 7. Nc3 Nbd7 8. d3 Nb6 9. Bb3 Nbxd5 10. Bd2 e6 11. Nxd5 Nxd5 12. Qe2 Qh4+ 13. Qf2 Qf6 14. 0-0-0 Ba3 15. d4 Bd6 16. Ne2 Bd7 17. h4 Nf4 18. Nc3 Bc6 19. Kb1 0-0-0 20. Ne4 Qe7 21. a3 Kb8 22. c4 f5 23. Nxd6 Qxd6 24. Bb4 Qd7 25. gxf5 exf5 26. d5 Ba4 27. Bxa4 Qxa4 28. d6 Qc6 29. c5 Rhe8 30. Qd4 Ne6 31. Qc3 cxd6 32. cxd6 Qxc3 33. Bxc3 b6 34. Rhe1 g6 35. d7 Re7 36. Bf6 Rexd7 37. Rxd7 Rxd7 38. Rxe6 Rd1+ 39. Kc2 Rf1 40. f4 Kc8 41. Bg5 Kd7 42. Re7+ 1-0

[Event "EU-ch (Women) 12th"]
[Site "Tbilisi"]
[Date "2011.05.16"]
[Round "9"]
[White "Martirosyan, Lia"]
[Black "Jalaghonia, Nino"]
[Result "1/2-1/2"]
[WhiteElo "2093"]
[BlackElo "1562"]
[PlyCount "134"]
[EventDate "2011.05.07"]
[EventType "swiss"]
[EventRounds "11"]
[EventCountry "GEO"]
[SourceTitle "CBM 142 Extra"]
[Source "ChessBase"]
[SourceDate "2011.06.27"]
[SourceVersion "1"]
[SourceVersionDate "2011.06.27"]
[SourceQuality "1"]

1. c4 c5 2. Nc3 Nc6 3. g3 g6 4. Bg2 Bg7 5. e4 d6 6. Nge2 e6 7. 0-0 Nge7 8. d3 0-0 9. Be3 Nd4 10. Qd2 b6 11. Bh6 Bb7 12. Nxd4 cxd4 13. Ne2 Nc6 14. Bxg7 Kxg7 15. f4 e5 16. f5 Qf6 17. g4 h6 18. fxg6 Qxg6 19. Ng3 Rh8 20. Nh5+ Kf8 21. h3 Ke7 22. Rf6 Qg5 23. Qf2 Raf8 24. Rf1 Qe3 25. Qxe3 dxe3 26. Re1 Nb4 27. Bf1 Nc2 28. Re2 Nb4 29. Rxe3 Nxa2 30. Rf2 Rhg8 31. Kh2 Nb4 32. Ng3 Bc8 33. Re1 a5 34. Ra1 Be6 35. Rd2 Nc6 36. Ne2 Nd4 37. Nxd4 exd4 38. b4 axb4 39. Ra7+ Kf6 40. Rb2 Ra8 41. Rxa8 Rxa8 42. Rxb4 Ra2+ 43. Kg3 Ra1 44. Be2 Ra2 45. Kf3 Ra6 46. h4 Kg6 47. Rb5 f6 48. Rb2 Bf7 49. Kf4 Be6 50. Rb5 Ra2 51. Bf3 Ra6 52. g5 hxg5+ 53. hxg5 fxg5+ 54. Rxg5+ Kf6 55. Rb5 Ra3 56. Rxb6 Rxd3 57. c5 Rxf3+ 58. Kxf3 dxc5 59. Kf4 c4 60. e5+ Ke7 61. Rb7+ Kd8 62. Ke4 d3 63. Ke3 Bf5 64. Kd2 Be6 65. Kc3 Ke8 66. Ra7 Kd8 67. Rg7 Ke8 1/2-1/2

[Event "EU-ch (Women) 12th"]
[Site "Tbilisi"]
[Date "2011.05.13"]
[Round "7"]
[White "Jalaghonia, Nino"]
[Black "Gumberidze, Nino"]
[Result "1-0"]
[WhiteElo "1562"]
[BlackElo "1664"]
[PlyCount "83"]
[EventDate "2011.05.07"]
[EventType "swiss"]
[EventRounds "11"]
[EventCountry "GEO"]
[SourceTitle "CBM 142 Extra"]
[Source "ChessBase"]
[SourceDate "2011.06.27"]
[SourceVersion "1"]
[SourceVersionDate "2011.06.27"]
[SourceQuality "1"]

1. e4 c5 2. Nc3 Nc6 3. f4 g6 4. Nf3 Bg7 5. Bc4 e6 6. f5 Nge7 7. 0-0 0-0 8. Qe1 Nd4 9. Nxd4 Bxd4+ 10. Kh1 d5 11. f6 dxc4 12. fxe7 Qxe7 13. Qe2 Qh4 14. Rf3 a6 15. e5 h5 16. d3 cxd3 17. cxd3 b5 18. Bh6 Re8 19. Raf1 Ra7 20. Rf6 Qg4 21. Qd2 Bxe5 22. R6f4 Bxf4 23. Rxf4 Qxf4 24. Qxf4 f5 25. Qe5 c4 26. d4 Kh7 27. Bg5 Bd7 28. Qf6 Bc6 29. Ne2 b4 30. Nf4 Rg8 31. Qxe6 Be4 32. Nxh5 Rf8 33. Nf4 Rg7 34. Qxc4 Bb7 35. h4 a5 36. Ne6 Rc8 37. Qb5 Rf7 38. d5 Rg8 39. Nd8 Rxd8 40. Bxd8 Bc8 41. Qe8 Rd7 42. Bf6 1-0

[Event "EU-ch (Women) 12th"]
[Site "Tbilisi"]
[Date "2011.05.10"]
[Round "4"]
[White "Jalaghonia, Nino"]
[Black "Trapaidze, Lizi"]
[Result "0-1"]
[WhiteElo "1562"]
[BlackElo "1744"]
[PlyCount "60"]
[EventDate "2011.05.07"]
[EventType "swiss"]
[EventRounds "11"]
[EventCountry "GEO"]
[SourceTitle "CBM 142 Extra"]
[Source "ChessBase"]
[SourceDate "2011.06.27"]
[SourceVersion "1"]
[SourceVersionDate "2011.06.27"]
[SourceQuality "1"]

1. d4 d5 2. c4 e6 3. cxd5 exd5 4. Nc3 c6 5. Qc2 g6 6. Bf4 Bd6 7. Bxd6 Qxd6 8. e3 Bf5 9. Bd3 Bxd3 10. Qxd3 Nf6 11. a3 Nbd7 12. b4 a6 13. Na4 b5 14. Nc5 Nxc5 15. dxc5 Qe5 16. Qd4 Qxd4 17. exd4 0-0 18. Nf3 Rfe8+ 19. Kd1 Ne4 20. Rf1 f6 21. Nd2 Kf7 22. f3 Nc3+ 23. Kc2 Ne2 24. Nb3 Nf4 25. Rf2 Re6 26. Rd2 Rae8 27. g3 Nh5 28. Na5 Ke7 29. Nb7 Kd7 30. Nd6 Re1 0-1

[Event "EU-ch (Women) 12th"]
[Site "Tbilisi"]
[Date "2011.05.08"]
[Round "2"]
[White "Ikonomopoulou, Maria"]
[Black "Jalaghonia, Nino"]
[Result "1-0"]
[WhiteElo "2121"]
[BlackElo "1562"]
[PlyCount "59"]
[EventDate "2011.05.07"]
[EventType "swiss"]
[EventRounds "11"]
[EventCountry "GEO"]
[SourceTitle "CBM 142 Extra"]
[Source "ChessBase"]
[SourceDate "2011.06.27"]
[SourceVersion "1"]
[SourceVersionDate "2011.06.27"]
[SourceQuality "1"]

1. e4 c5 2. Nf3 Nc6 3. Bb5 d6 4. d4 cxd4 5. Qxd4 Bd7 6. Bxc6 Bxc6 7. Nc3 Nf6 8. Bg5 e5 9. Qd3 h6 10. Bh4 Be7 11. 0-0-0 g5 12. Bg3 Qb6 13. Nd2 0-0-0 14. Kb1 Kb8 15. Nc4 Qc5 16. Ne3 Rhe8 17. Nf5 Bf8 18. Rhe1 h5 19. h4 g4 20. Qd2 Nh7 21. Re3 Re6 22. Rd3 Nf6 23. f3 Ne8 24. Qg5 Rd7 25. R3d2 Be7 26. Nxe7 Rdxe7 27. Nd5 Bxd5 28. exd5 Rg6 29. Qxh5 gxf3 30. Qxf3 1-0